| 000 -LEADER |
| fixed length control field |
01436nam a22002417 4500 |
| 003 - CONTROL NUMBER IDENTIFIER |
| control field |
AR-BaISA |
| 005 - DATE AND TIME OF LATEST TRANSACTION |
| control field |
20220613183014.0 |
| 007 - PHYSICAL DESCRIPTION FIXED FIELD--GENERAL INFORMATION |
| fixed length control field |
ta |
| 008 - FIXED-LENGTH DATA ELEMENTS--GENERAL INFORMATION |
| fixed length control field |
220613s1961 ag |||| |||| 000 0 spa d |
| 040 ## - CATALOGING SOURCE |
| Language of cataloging |
spa |
| Transcribing agency |
AR-BaISA |
| 082 04 - DEWEY DECIMAL CLASSIFICATION NUMBER |
| Edition number |
22 |
| Classification number |
373.8 Et18 |
| 100 1# - MAIN ENTRY--PERSONAL NAME |
| 9 (RLIN) |
2301 |
| Personal name |
Etcheverry, Delia |
| 245 13 - TITLE STATEMENT |
| Title |
El adolescente y la escuela secundaria / |
| Statement of responsibility, etc. |
Delia Etcheverry |
| 260 ## - PUBLICATION, DISTRIBUTION, ETC. |
| Place of publication, distribution, etc. |
Buenos Aires: |
| Name of publisher, distributor, etc. |
Eudeba, |
| Date of publication, distribution, etc. |
1961 |
| 300 ## - PHYSICAL DESCRIPTION |
| Extent |
79 p. |
| 490 1# - SERIES STATEMENT |
| Serie |
La escuela en el tiempo |
| 504 ## - BIBLIOGRAPHY, ETC. NOTE |
| Bibliography, etc. note |
Bibliografía p.: 74-77. |
| 505 ## - FORMATTED CONTENTS NOTE |
| Title |
EL DRAMA DE LA ADOLESCENCIA ARGENTINA Y SUDAMERICANA: |
| -- |
Caracteres de la adolescencia -- |
| -- |
¿La escuela secundaria sudamericana satisface las necesidades del adolescente señaladas en congresos y seminarios de educación? -- |
| -- |
Panorama del profesorado argentino y sudamericano -- |
| -- |
La desconexión existente entre la escuela secundaria y el medio social |
| -- |
¿REFORMA DE DETALLES O CAMBIO FUNDAMENTAL DE ESTRUCTURAS?: |
| -- |
La realidad económica, social, política y cultural de Sudamérica y sus relaciones con la educación -- |
| -- |
El derecho del adolescente a la educación secundaria -- |
| -- |
La disciplina -- |
| -- |
El principio de socialización de la enseñanza: el trabajo de grupo, el seminario. La promoción sin examen -- |
| -- |
La escuela secundaria en sus relaciones con la comunidad |
| 650 10 - SUBJECT ADDED ENTRY--TOPICAL TERM |
| 9 (RLIN) |
598 |
| Topical term or geographic name entry element |
Educación secundaria |
| 650 10 - SUBJECT ADDED ENTRY--TOPICAL TERM |
| 9 (RLIN) |
1330 |
| Topical term or geographic name entry element |
Adolescencia |
| 830 ## - SERIES ADDED ENTRY--UNIFORM TITLE |
| 9 (RLIN) |
2302 |
| Uniform title |
La escuela en el tiempo |
| 942 ## - ADDED ENTRY ELEMENTS (KOHA) |
| Source of classification or shelving scheme |
|
| Koha item type |
Libros |
| Edition |
22 |